| 000 | 00603nam a2200229Ia 4500 | ||
|---|---|---|---|
| 003 | OSt | ||
| 005 | 20230501121119.0 | ||
| 008 | 210423s2019 xx 000 0 und d | ||
| 020 | _a978-93-879-9469-0 | ||
| 040 | _cAL | ||
| 041 | _aeng | ||
| 082 |
_a658.15 _223 _bMADI |
||
| 100 |
_aMADURA (Jeff) _995612 |
||
| 245 | _aInternational financial management Ed 12 | ||
| 250 | _a12 | ||
| 260 |
_aDelhi _bCengage Learning _c2019 |
||
| 300 |
_axxiv,722 _bPB |
||
| 365 |
_b750 _cINR |
||
| 650 |
_aFinancial Management _995613 |
||
| 906 | _a12 ; financial ; International ; management | ||
| 942 |
_2ddc _cBK |
||
| 999 |
_c170643 _d170643 |
||